The good earth: introduction to earth science
Guardat en:
| Autor principal: | |
|---|---|
| Format: | Llibre |
| Idioma: | anglès |
| Publicat: |
McGraw-Hill Education
2018
|
| Etiquetes: |
Afegir etiqueta
Sense etiquetes, Sigues el primer a etiquetar aquest registre!
|
MARC
| LEADER | 00000nam a22000007a 4500 | ||
|---|---|---|---|
| 008 | 210426b ||||| |||| 00| 0 eng d | ||
| 020 | |a 978-1-260-08-357-6 | ||
| 100 | |a McCONNELL, David. | ||
| 245 | |a The good earth: introduction to earth science |c David McConnell [and] David Steer; contributions by Catharine Knight [and] Katharine Owens |g xxi, 535p.; ill. | ||
| 250 | |b 4th ed | ||
| 260 | |b McGraw-Hill Education |c 2018 |h New York |i 691135 |i 691136 |l QE26.3 .M12 |m Earth sciences – Textbooks | ||
| 500 | |a “It includes bibliographical references and index”. | ||
| 942 | |a lcc |c BK |e Ogunmilade, F.T. |f 26/04/2021 | ||
| 952 | |0 0 |1 0 |2 ddc |4 0 |6 QE_26_300000000000000__M12 |7 0 |9 2293 |a HOL |b SSL |c QZ |d 2021-04-26 |l 0 |o QE26.3 .M12 |p 2021-6147 |r 2021-04-26 00:00:00 |w 2021-04-26 |y BK | ||
| 952 | |0 0 |1 0 |2 lcc |4 0 |6 QE00263 M12 |7 0 |9 2294 |a HOL |b HOL |c QZ |d 2021-04-26 |l 0 |o QE26.3 .M12 |p 2021-6148 |r 2021-04-26 00:00:00 |w 2021-04-26 |y BK | ||
| 999 | |c 1180 |d 1180 | ||